Five Biggest Cities by Continent by Letter - F - Statistics

General Stats
  • This quiz has been taken 619 times
  • The average score is 10 of 28
Answer Stats
Population Country City % Correct
733,000 Germany Frankfurt am Main
95%
1,112,000 Morocco Fes
91%
1,056,000 Sierra Leone Freetown
90%
383,000 Italy Florence
88%
2,610,000 Brazil Fortaleza
76%
1,538,000 Japan Fukuoka
67%
2,008,000 Pakistan Faisalabad
65%
854,000 USA Fort Worth
61%
2,824,000 China Fuzhou
61%
522,000 USA Fresno
58%
264,000 USA Fort Wayne
42%
226,000 Germany Freiburg im Breisgau
37%
6,772,000 China Foshan
25%
233,000 USA Fremont
25%
460,000 Brazil Florianópolis
24%
152,000 Italy Foggia
17%
210,000 USA Fontana
17%
111,000 Botswana Francistown
17%
1,414,000 India Faridabad
12%
30,000 French Polynesia Faaa
11%
316,000 Egypt Fayoum
10%
571,000 Brazil Feira de Santana
7%
195,000 Madagascar Fianarantsoa
7%
195,000 Spain Fuenlabrada
7%
261,000 Brazil Foz do Iguaçu
5%
339,000 Brazil Franca
4%
15,000 New Zealand Feilding
2%
21,000 Australia Forster - Tuncurry
2%
No matching quizzes found
Score Distribution
Percent of People with Each Score
Percentile by Number Answered
Your Score History
You have not taken this quiz